000 00479nam a22001937a 4500
003 MPLRDC
005 20220104191739.0
008 210129b ||||| |||| 00| 0 eng d
020 _a978-986-6281-22-8
082 _a848.2 JX-11
100 _a蒋勋
245 _a此生
_c
250 _a初版四刷
260 _a台湾
_b有鹿文化事业有限公司
_c2012
300 _b
490 _a看世界的方法: 026
650 _a现代别集
942 _cBK
_o848.2 JX-11
999 _c64392
_d64382